000 00404nam a2200145Ia 4500
008 230917s9999||||xx |||||||||||||| ||und||
040 _e87568
_aMAIN
041 _aEnglish
082 _a660.6024574 M576M
100 _aMeyers, Robert A, ed.
245 0 _aMolecular biology and biotechnology: A comprehensive desk reference
260 _aNew York
_bVCH
_c1995
300 _axxxviii, 1034 p.
942 _cBK
999 _c95860
_d95860